000 00435nam a2200181Ia 4500
005 20250603144425.0
008 250603s9999 xx 000 0 und d
020 _a9781032528168
050 _aTK 3001 .A94/
100 _aAyers, John E.
245 2 _aA Practical Introduction to Electrical Circuits
260 _aBoca Raton
260 _b CRC Press
260 _c2024
300 _a430 p
650 _aBoca Raton
942 _cBK
999 _c38879
_d38879